| 000 | 00565nam a22002177a 4500 | ||
|---|---|---|---|
| 003 | OSt | ||
| 005 | 20151211173246.0 | ||
| 008 | 151106b xxu||||| |||| 00| 0 eng d | ||
| 020 | _a9781856176170 | ||
| 040 | _cDCC | ||
| 082 | _a658.4 GIL 2009 | ||
| 100 |
_aGILLIGAN,COLIN;WILSON .M.S.RICHARD _96017 |
||
| 245 | _aStrategic management planning | ||
| 250 | _a2nd ed | ||
| 260 |
_aLondon _bB H _c2009 |
||
| 300 |
_ax,552; _bill: _c40cm |
||
| 504 | _aincludes Bibliography and Index | ||
| 650 |
_aMarketing _9518 |
||
| 650 |
_aManagement _9364 |
||
| 942 |
_2ddc _cSLOAN |
||
| 999 |
_c2446 _d2446 |
||